=LDR 00000nam 2200000 4500 =001 INLIS000000000001012 =005 20130612085428 =008 ***********************************Ing** =035 ##$$0010-061300000001012 =041 ##$$a Ing =082 ##$$a 372.652 1 =090 ##$$a 372.652 1, Pel p =245 ##$$a Pelajaran bahasa Inggris SD, sesuai kurikulum SD sistem GBPP 1994 =260 ##$$a 1994 $b Semarang =300 ##$$a ...jil, ilus; 28 cm =650 ##$$a Pendidikan Dasar-Pelajaran Bahasa Inggris =850 ##$$a NBPNMAT